Our stake in the federal system (Record no. 480234)

000 -LEADER
fixed length control field 00524cam a22001577a 4500
008 - FIXED-LENGTH DATA ELEMENTS--GENERAL INFORMATION
fixed length control field 180718b1956 xxu||||| |||| 00| 0 eng d
082 ## - DEWEY DECIMAL CLASSIFICATION NUMBER
Classification number B263x73 K133
100 ## - MAIN ENTRY--PERSONAL NAME
Personal name Heller, Francis H.
245 ## - TITLE STATEMENT
Title Our stake in the federal system
Statement of responsibility, etc. by Francis H. Heller and Kansas. University. Governmental Research Center
260 ## - PUBLICATION, DISTRIBUTION, ETC.
Place of publication, distribution, etc.
Name of publisher, distributor, etc.
Date of publication, distribution, etc. 1956
300 ## - PHYSICAL DESCRIPTION
Extent 22p.
440 ## - SERIES STATEMENT/ADDED ENTRY--TITLE
Title Citizen's Pamphlet, 18
650 ## - SUBJECT ADDED ENTRY--TOPICAL TERM
Topical term or geographic name entry element Federal - State Relations
650 ## - SUBJECT ADDED ENTRY--TOPICAL TERM
Topical term or geographic name entry element Federalism - U.S.A.
700 ## - ADDED ENTRY--PERSONAL NAME
Personal name Kansas. University. Governmental Research Center
Holdings
Withdrawn status Lost status Damaged status Not for loan Permanent Location Current Location Date acquired Full call number Barcode Date last seen Price effective from Koha item type
        Indian Institute of Public Administration Indian Institute of Public Administration 2018-08-04 B263x73 K133 GR5931 2018-08-04 2018-08-04 GR
        Indian Institute of Public Administration Indian Institute of Public Administration 2018-08-04 B263x73 K133 GR5497 2018-08-04 2018-08-04 GR

Powered by Koha